Pharmacy Practice (Record no. 33898)
[ view plain ]
| 000 -LEADER | |
|---|---|
| fixed length control field | 00342nam a2200145Ia 4500 |
| 008 - FIXED-LENGTH DATA ELEMENTS--GENERAL INFORMATION | |
| fixed length control field | 220204s9999 xx 000 0 und d |
| 020 ## - INTERNATIONAL STANDARD BOOK NUMBER | |
| International Standard Book Number | 9789390225149 |
| 082 ## - DEWEY DECIMAL CLASSIFICATION NUMBER | |
| Classification number | 615.5 |
| Item number | Tem-P |
| 100 ## - MAIN ENTRY--PERSONAL NAME | |
| Personal name | Tembhume V. Sachin |
| 245 #0 - TITLE STATEMENT | |
| Title | Pharmacy Practice |
| 250 ## - EDITION STATEMENT | |
| Edition statement | 3RD |
| 260 ## - PUBLICATION, DISTRIBUTION, ETC. | |
| Place of publication, distribution, etc. | Delhi |
| Name of publisher, distributor, etc. | Nirali Prakashan |
| Date of publication, distribution, etc. | 2021 |
| 300 ## - PHYSICAL DESCRIPTION | |
| Extent | 21.8 |
| 942 ## - ADDED ENTRY ELEMENTS (KOHA) | |
| Koha item type | Book |
| Withdrawn status | Lost status | Damaged status | Not for loan | Collection code | Permanent Location | Current Location | Shelving location | Date acquired | Cost, normal purchase price | Full call number | Barcode | Date last seen | Price effective from | Koha item type | Total Checkouts | Date last checked out |
|---|---|---|---|---|---|---|---|---|---|---|---|---|---|---|---|---|
| Maharishi School of Pharmaceutical Science (Lucknow) | Maharishi School of Pharmaceutical Science (Lucknow) | R9S4 | 2022-02-04 | 160.00 | 615.1 TEM-P | SOPH2567 | 2022-02-04 | 2022-02-04 | Book | |||||||
| Maharishi School of Pharmaceutical Science (Lucknow) | Maharishi School of Pharmaceutical Science (Lucknow) | R9S4 | 2022-02-04 | 160.00 | 615.1 TEM-P | SOPH2568 | 2024-12-19 | 2022-02-04 | Book | 2 | 2024-12-11 | |||||
| Maharishi School of Pharmaceutical Science (Lucknow) | Maharishi School of Pharmaceutical Science (Lucknow) | R9S4 | 2022-02-04 | 160.00 | 615.1 TEM-P | SOPH2569 | 2024-11-06 | 2022-02-04 | Book | 1 | 2024-11-05 | |||||
| Maharishi School of Pharmaceutical Science (Lucknow) | Maharishi School of Pharmaceutical Science (Lucknow) | R9S4 | 2022-02-04 | 160.00 | 615.1 TEM-P | SOPH2570 | 2022-02-04 | 2022-02-04 | Book | |||||||
| Maharishi School of Pharmaceutical Science (Lucknow) | Maharishi School of Pharmaceutical Science (Lucknow) | R2S2 | 2022-02-04 | 160.00 | 615.5 | SOPH2571 | 2022-02-04 | 2022-02-04 | Reference Book |